Japon de A à Z - Statistiques

Statistiques générales
  • Ce quiz a été pris 321 fois
  • Le résultat moyen est 8 sur 26
Statistiques - réponses
Lettre Indice Réponse % Correct
F Ville associé à une malheureusement célèbre catastrophe nucléaire Fukushima
90%
J Art martial japonais qui se pratiquait de nuit, d'où le kimono (pyjama) Judo
85%
E Le Japon en est le dernier pays dans le monde à posséder ce genre de monarque Empereur
83%
C Marque d'appareils photo originaire de l'archipel Canon
69%
W Plante dont la tige est consommée, sous forme de pâte, comme un condiment Wasabi
65%
H Plus grande des quatre îles principales du Japon Honshu
57%
L Sport olympique dans lequel le Japonais Kaori Ichoo est le plus titré Lutte
49%
A Déesse du Soleil et de la Création dans la mythologie japonaise Amaterasu
45%
T Animal virtuel crée au Japon en 1997 Tamagochi
42%
P Nom donné aux 47 régions constitutives du Japon Préfecture
33%
Y Métropole japonaise, dont le nom signifie "grande plage" Yokohama
29%
D Mot utilisé pour dire samedi, littéralement "jour de l'arbre" Doyoubi
20%
K Archipel d'îles qui empêche la signature du traité entre Russie et Japon Kouriles
16%
X Siècle de l'arrivée des premiers européens au Japon XVIème
15%
G Région du Japon, dont le nom peut faire penser à une image animée Gifu
14%
U Mot associé à 731 pour désigner ""un centre de recherche bactériologique"" Unité
14%
N Nom de l'actuel de la Lettre E Naruhito
12%
B Ville japonaise célèbre pour ses bains chauds Beppu
8%
R Guerre entre 1905 et 1906 qui place la Corée sous protectorat japonais Russo-Japonaise
8%
O Région du Japon, située sur l'île de Kyushuu Oita
7%
Q Grande ville chinoise conquise par le Japon lors de la Première Guerre Mondiale Qingdao
7%
S Nom japonais de sa période d'isolationnisme entre 1650 et 1842 Sakoku
6%
M Titre donné à Puyi, dernier empereur de Chine, lors de l'Occupation Japonaise Mandchoukouo
1%
V Archipel où se trouve le point le plus méridional du Japon Volcano
1%
I Ile de la préfecture d'Okinawa, où l'on élève en partie les boeufs de Kobe Ishigaki-Jima
0%
Z Ministre des Affaires Etrangères chinois, qui géra la sortie de l'Occupation Zhou En-Lai
0%
Aucun quiz correspondant
Distribution des résultats
% des personnes avec chaque résultat
Percentile par nombre de réponses
Votre historique - résultats
Vous n’avez pas pris ce quiz